| 000 | 00825nam a22001337a 4500 | ||
|---|---|---|---|
| 040 | _cRUA | ||
| 082 | _aATM.s KIT 2013 B203 Or.1 | ||
| 100 | _aKIT, PHEAREN. | ||
| 245 | _aEffect of drip irrigation system and different rates of fertilizer on growth and yield of eggplant (solanum melongena) ប្រសិទ្ធភាពនៃការប្រើប្រាស់បច្ចេកទេសប្រព័ន្ធស្រោចស្រពជាដំណក់និងកម្រិតបរិមាណជីផ្សេងៗទៅលើការលូតលាស់និងទិន្នផលដំណាំត្រប់ | ||
| 260 |
_aPhnom Penh _bRUA _c2013 |
||
| 300 |
_aix; 37p. _bill. _c29cm. |
||
| 856 | _uhttps://drive.google.com/file/d/10DB235XNPdwICtpibdQr-zHyCwVI8WrM/view?usp=sharing | ||
| 942 | _cATMSP | ||
| 999 |
_c4427 _d4427 |
||